عرض عادي
عرض مارك
- Lew, Karen
مدخل إسم شخص
001 - رقم الضبط
- حقل الضبط: 45239
003 - معرف رقم الضبط
- حقل الضبط: OSt
005 - تاريخ ووقت أخر عملية
- حقل الضبط: 20140515172513.0
008 - عناصر بيانات ثابتة الطول
- حقل تحكم ثابت الطول: 140515|||a|||||| | ||| d
040 ## - مصدر الفهرسة
- هيئة الفهرسة الأصلية: OSt
- وكالة الكتابة: OSt
100 ## - مدخل -- أسم شخص
- إسم شخص: Lew, Karen
670 ## - بيانات المصدر موجوده
- الاستشهاد بالمصدر: Work cat.: (OSt)0: Van Ost, Lynn 45234, Athletic training exam review :, 2013
